000 00570nam a22002297a 4500
003 UA-OsUOA
001 56078
007 ta
008 20080930b un ||||| |||| 00| 0 ukr d
100 _aЕвстигнеева Л.
700 _aЕвстигнеев Р.
090 _a330
_bЕ26
942 _cSA
040 _aUA-OsUOA
_brus
_cUA-OsUOA
_dUA-OsUOA
245 _aИнфляция в новом измерении
300 _aС.46-61
955 _a0
041 _arus
080 _a330
773 0 _w56077
650 7 _a330 Економіка взагалі
_2UDC
999 _c342085
_d342085